[Event "SR 3. liga A2 2007/2008"]
[Site "?"]
[Date "2007.11.25"]
[Round "4"]
[White "Bogi, Timea"]
[Black "Bilovsky, Milan"]
[Result "1-0"]
[WhiteElo "1516"]
[BlackElo "1872"]
[PlyCount "59"]
[EventDate "2007.??.??"]

1. e4 c5 2. Nf3 Nc6 3. d4 cxd4 4. Nxd4 Nf6 5. Nc3 e6 6. Nxc6 bxc6 7. e5 Nd5 8.
Nxd5 cxd5 9. Bd3 d6 10. exd6 Bxd6 11. O-O O-O 12. f4 Qb6+ 13. Kh1 g6 14. b3 Bb7
15. Bb2 d4 16. Qg4 f5 17. Qg3 Rae8 18. Rae1 Rf7 19. Bc4 Bf8 20. h4 Kh8 21. Qf2
Bg7 22. Rd1 Rd7 23. c3 Red8 24. cxd4 Bxd4 25. Bxd4+ Rxd4 26. Qb2 e5 27. Rxd4
Qxd4 28. Qxd4 Rxd4 29. fxe5 Rxh4+ 30. Kg1 {èierny èas} 1-0

[Event "SR 3. liga A2 2007/2008"]
[Site "?"]
[Date "2007.11.25"]
[Round "4"]
[White "Hrubos, Milan"]
[Black "Sooky, Ladislav"]
[Result "1/2-1/2"]
[WhiteElo "1726"]
[BlackElo "1484"]
[PlyCount "66"]
[EventDate "2007.??.??"]

1. e4 c5 2. Nf3 d6 3. d4 cxd4 4. Nxd4 a6 5. Nc3 e6 6. g3 Nf6 7. Bg2 Be7 8. Be3
O-O 9. Qe2 e5 10. Nf3 Nc6 11. O-O-O b5 12. h3 Qa5 13. Kb1 b4 14. Nd5 Be6 15.
Bb6 Qb5 16. Qe3 Bxd5 17. exd5 Nxd5 18. Rxd5 Qxd5 19. Nh4 Qb5 20. b3 Rac8 21.
Bf1 Qd5 22. Rg1 Qd1+ 23. Qc1 Qxc1+ 24. Kxc1 Bxh4 25. gxh4 Nb8 26. Bg2 Nd7 27.
Ba5 Rb8 28. Bc7 Rb5 29. Bxd6 Re8 30. Re1 Ra5 31. Kb1 Rd5 32. Bxb4 Rd4 33. c4
Rxh4 1/2-1/2

[Event "SR 3. liga A2 2007/2008"]
[Site "?"]
[Date "2007.11.25"]
[Round "4"]
[White "Szabo, Julius"]
[Black "Husek, Lubomir"]
[Result "0-1"]
[WhiteElo "1350"]
[BlackElo "1600"]
[PlyCount "64"]
[EventDate "2007.??.??"]

1. e4 c5 2. c3 Nc6 3. d4 cxd4 4. cxd4 d6 5. Nc3 Nf6 6. Nf3 g6 7. Be2 Bg7 8. O-O
O-O 9. Bg5 Bd7 10. Rc1 Rc8 11. Qd2 Qa5 12. a3 a6 13. Rfe1 Rfe8 14. Be3 Ng4 15.
Bf4 b5 16. h3 Nf6 17. Ra1 Qb6 18. Be3 Qb7 19. Bh6 Bh8 20. Rad1 Red8 21. Ng5 Qa7
22. Nd5 Nxd5 23. exd5 Nxd4 24. Bf3 Rc2 25. Qf4 Nf5 26. Rxe7 Qxf2+ 27. Kh1 Be5
28. Rxe5 dxe5 29. Qxe5 Re8 30. Qf6 Re1+ 31. Rxe1 Qxe1+ 32. Kh2 Qg3+ 0-1

[Event "SR 3. liga A2 2007/2008"]
[Site "?"]
[Date "2007.11.25"]
[Round "4"]
[White "Szitasi, Janos"]
[Black "Doucha, Ludvik"]
[Result "1/2-1/2"]
[WhiteElo "1987"]
[BlackElo "2102"]
[PlyCount "55"]
[EventDate "2007.??.??"]

1. e4 e5 2. Nf3 d6 3. Bc4 g6 4. d4 exd4 5. Qxd4 Qf6 6. Qxf6 Nxf6 7. Ng5 d5 8.
exd5 Bb4+ 9. c3 Bd6 10. O-O O-O 11. Re1 Nbd7 12. Bb3 Nc5 13. Bc4 Bf5 14. Na3
Nd3 15. Bxd3 Bxd3 16. b3 Nxd5 17. Rd1 Nxc3 18. Rxd3 Ne2+ 19. Kf1 Nxc1 20. Rxc1
Bxa3 21. Rxc7 h6 22. Ne4 b6 23. Rdd7 a5 24. Nf6+ Kg7 25. Nd5 Bc5 26. Nf4 Rae8
27. Rc6 Kg8 28. Rcc7 1/2-1/2

[Event "SR 3. liga A2 2007/2008"]
[Site "?"]
[Date "2007.11.25"]
[Round "4"]
[White "Stetina, Erik"]
[Black "Fekete, Robert"]
[Result "1-0"]
[WhiteElo "2085"]
[BlackElo "1874"]
[PlyCount "47"]
[EventDate "2007.??.??"]

1. e4 e6 2. d4 d5 3. e5 c5 4. c3 Nc6 5. Nf3 Qb6 6. Be2 cxd4 7. cxd4 Nge7 8. b3
Nf5 9. Bb2 Bb4+ 10. Kf1 Bd7 11. g4 Nh6 12. h3 f6 13. Nc3 Rf8 14. Na4 Qc7 15.
Rc1 b6 16. Qc2 fxe5 17. Nxe5 Be7 18. Bb5 Bh4 19. f3 Nxe5 20. Qxc7 Rxf3+ 21. Ke2
Bxb5+ 22. Kd1 Nd7 23. Nc3 Bg3 24. Nxb5 1-0

[Event "SR 3. liga A2 2007/2008"]
[Site "?"]
[Date "2007.11.25"]
[Round "4"]
[White "Lelkes, Geza"]
[Black "Sturdik, Igor"]
[Result "0-1"]
[WhiteElo "1795"]
[BlackElo "2020"]
[PlyCount "38"]
[EventDate "2007.??.??"]

1. e4 Nf6 2. e5 Nd5 3. d4 d6 4. Bc4 Nb6 5. Be2 Nc6 6. f4 Bf5 7. c3 dxe5 8. fxe5
e6 9. h3 Qh4+ 10. Kf1 O-O-O 11. Nf3 Qe7 12. Bg5 f6 13. exf6 gxf6 14. Be3 Nd5
15. Bd2 e5 16. Kf2 e4 17. Nh4 e3+ 18. Bxe3 Qxe3+ 19. Ke1 Qg3+ 0-1

[Event "SR 3. liga A2 2007/2008"]
[Site "?"]
[Date "2007.11.25"]
[Round "4"]
[White "Bukovsky, Milan"]
[Black "Kalmar, Tamas"]
[Result "1-0"]
[WhiteElo "2024"]
[BlackElo "1529"]
[PlyCount "129"]
[EventDate "2007.??.??"]

1. c4 Nf6 2. Nc3 e6 3. Nf3 Bb4 4. Qc2 O-O 5. a3 Bxc3 6. Qxc3 d5 7. d3 c5 8.
cxd5 Qxd5 9. Be3 b6 10. g3 Bb7 11. Bg2 Nc6 12. O-O Rac8 13. Ne5 Qxe5 14. Qxe5
Nxe5 15. Bxb7 Rb8 16. Bg2 Rbc8 17. Rac1 Nd5 18. Bd2 Nc6 19. Bc3 Rfd8 20. Rfe1
Kf8 21. Kf1 f6 22. Be4 Kf7 23. Rc2 Nd4 24. Bxd4 cxd4 25. Rec1 Ne7 26. Rc7 Rxc7
27. Rxc7 Rc8 28. Rc4 f5 29. Bb7 Rxc4 30. dxc4 e5 31. Ke1 Ke6 32. Kd2 Kd6 33.
Kd3 g5 34. b4 Ng6 35. e3 dxe3 36. Kxe3 a5 37. Bc8 Ne7 38. Bb7 Ng6 39. Ba8 axb4
40. axb4 h6 41. Bb7 Kc7 42. Bd5 Kd6 43. Ba8 Kc7 44. c5 Nf8 45. cxb6+ Kxb6 46.
g4 Nd7 47. gxf5 Nf6 48. Kd3 Kb5 49. Kc3 h5 50. Bf3 h4 51. Be2+ Kb6 52. Kc4 Kc6
53. Bf3+ Kb6 54. Bh5 Kc6 55. Bf7 Ng4 56. b5+ Kd6 57. Bd5 Nf6 58. Bg2 g4 59. b6
h3 60. Bh1 Nd7 61. b7 Nb6+ 62. Kd3 Nd7 63. Ke3 Ke7 64. Be4 Kf6 65. Kd2 1-0

[Event "SR 3. liga A2 2007/2008"]
[Site "?"]
[Date "2007.11.25"]
[Round "4"]
[White "Janko, Ladislav"]
[Black "Manak, Jozef"]
[Result "1-0"]
[WhiteElo "2195"]
[BlackElo "2042"]
[PlyCount "51"]
[EventDate "2007.??.??"]

1. e4 e5 2. Nf3 Nc6 3. Bb5 a6 4. Ba4 Nf6 5. d3 b5 6. Bb3 Bc5 7. c3 d6 8. Nbd2
O-O 9. Nf1 h6 10. Ng3 Ne7 11. O-O Bb6 12. d4 Ng6 13. h3 c5 14. d5 c4 15. Bc2
Bd7 16. Nh2 a5 17. Kh1 Qc8 18. Qe2 Nh4 $11 19. f4 exf4 20. Bxf4 Nxg2 21. Qxg2
Bxh3 22. Qf3 Bxf1 23. Rxf1 Bc7 24. Bxh6 Ne8 25. Nf5 f6 26. Ne7+ 1-0

[Event "SR 3. liga A2 2007/2008"]
[Site "?"]
[Date "2007.11.25"]
[Round "4"]
[White "Pobjecky, Ivan"]
[Black "Sulek, Viliam"]
[Result "1/2-1/2"]
[WhiteElo "2040"]
[BlackElo "2172"]
[PlyCount "36"]
[EventDate "2007.??.??"]

1. e4 c5 2. Nf3 Nc6 3. d4 cxd4 4. Nxd4 Nf6 5. Nc3 d6 6. Bg5 e6 7. Be2 Be7 8.
O-O O-O 9. Kh1 a6 10. f4 h6 11. Bh4 Nxe4 12. Nxc6 bxc6 13. Nxe4 Bxh4 14. Nxd6
Bf6 15. Nxc8 Qxc8 16. Rb1 Rd8 17. Bd3 Qc7 18. Qe2 Rd4 1/2-1/2

[Event "SR 3. liga A2 2007/2008"]
[Site "?"]
[Date "2007.11.25"]
[Round "4"]
[White "Kantor, Tamas st"]
[Black "Mihalik, Anton"]
[Result "0-1"]
[WhiteElo "2059"]
[BlackElo "1981"]
[PlyCount "42"]
[EventDate "2007.??.??"]

1. e4 c5 2. Nf3 d6 3. d4 cxd4 4. Nxd4 Nf6 5. Nc3 a6 6. Be2 e6 7. O-O Be7 8. Be3
O-O 9. Nb3 b5 10. a3 Bb7 11. Bf3 Qc7 12. g3 Nbd7 13. Bg2 Rac8 14. f4 Rfd8 15.
Qe2 Nb6 16. Nd2 Rd7 17. Rad1 d5 18. e5 Ne8 19. Qf2 d4 20. Bxd4 Rxd4 21. Bxb7
Qxb7 0-1

[Event "SR 3. liga A2 2007/2008"]
[Site "?"]
[Date "2007.11.25"]
[Round "4"]
[White "Curidlo, Jan"]
[Black "Puobis, Jozef"]
[Result "1/2-1/2"]
[WhiteElo "2042"]
[BlackElo "2021"]
[PlyCount "74"]
[EventDate "2007.??.??"]

1. e4 e5 2. Nf3 Nc6 3. Bb5 a6 4. Ba4 Bc5 5. O-O d6 6. h3 Nge7 7. c3 b5 8. Bc2
Ng6 9. d4 Bb6 10. a4 Bd7 11. Be3 exd4 12. Nxd4 Nxd4 13. cxd4 O-O 14. Nc3 b4 15.
Nd5 a5 16. b3 Ba7 17. Rc1 c6 18. Nf4 Nxf4 19. Bxf4 Qf6 20. Be3 Qh4 21. Qf3 f5
22. exf5 Bxd4 23. Qg4 Qxg4 24. hxg4 Bxe3 25. fxe3 Rae8 26. e4 d5 27. Rfd1 Re5
28. Rd4 Bc8 29. exd5 cxd5 30. Bd3 g6 31. fxg6 hxg6 32. Rc5 Kg7 33. Rcxd5 Re1+
34. Kh2 Be6 35. Rd6 Rh8+ 36. Kg3 Rf8 37. Re4 Rxe4 $11 1/2-1/2

[Event "SR 3. liga A2 2007/2008"]
[Site "?"]
[Date "2007.11.25"]
[Round "4"]
[White "Slaby, Jozef"]
[Black "Bott, Tamas"]
[Result "1-0"]
[WhiteElo "1945"]
[BlackElo "1827"]
[PlyCount "113"]
[EventDate "2007.??.??"]

1. d4 Nf6 2. c4 e5 3. d5 Bc5 4. e3 d6 5. Nc3 Bf5 6. Be2 O-O 7. Nf3 Nbd7 8. a3
Re8 9. O-O Nf8 10. b4 Bb6 11. Na4 c6 12. dxc6 bxc6 13. Bb2 Bc7 14. Nc3 d5 15.
cxd5 cxd5 16. Bb5 Re7 17. Bc6 Rb8 18. Nxd5 Re6 19. Nxf6+ Qxf6 20. Ba4 Qh6 21.
e4 Bxe4 22. Rc1 Rd8 23. Qe2 Bd3 24. Qe3 Qxe3 25. fxe3 Bxf1 26. Rxc7 e4 27. Ng5
Rg6 28. Nxf7 Rd2 29. Kxf1 Rxb2 30. Ne5 Rgxg2 31. Bb5 h6 32. Bc4+ Kh7 33. Rc8
Rxh2 34. Kg1 Rhg2+ 35. Kh1 Rgf2 36. Kg1 h5 37. Nf7 Ng6 38. Ng5+ Kh6 39. Nf7+
Rxf7 40. Bxf7 Re2 41. Rc6 Rxe3 42. Rxg6+ Kh7 43. Ra6 h4 44. Rxa7 Re2 45. Bd5 e3
46. Re7 Kh6 47. Kf1 Rd2 48. Bc6 Rf2+ 49. Ke1 Rc2 50. b5 Rc3 51. a4 h3 52. Re8
Kh7 53. Be4+ g6 54. b6 Rc4 55. Bf3 Rf4 56. Bh1 Rxa4 57. b7 1-0

[Event "SR 3. liga A2 2007/2008"]
[Site "?"]
[Date "2007.11.25"]
[Round "4"]
[White "Kosar, Mikulas st"]
[Black "Gono, Michal"]
[Result "0-1"]
[WhiteElo "1902"]
[BlackElo "1682"]
[PlyCount "100"]
[EventDate "2007.??.??"]

1. e4 c6 2. d4 d5 3. exd5 cxd5 4. Bb5+ Nc6 5. Nf3 a6 6. Bd3 Bg4 7. h3 Bxf3 8.
Qxf3 Nxd4 9. Qg4 Nc6 10. O-O Nf6 11. Qe2 e6 12. c3 Be7 13. Nd2 O-O 14. Nf3 h6
15. Re1 Bd6 16. Nh2 Rc8 17. g4 Qc7 18. f3 Bg3 19. Rf1 Bf4 20. Bxf4 Qxf4 21. Kg2
Ne5 22. Bc2 Nc4 23. Rfe1 d4 24. Nf1 Nd5 25. Kf2 Nce3 26. Be4 Nxf1 27. Qxf1 Ne3
28. Rxe3 Qxe3+ 29. Kg2 Qd2+ 30. Qf2 Qxf2+ 31. Kxf2 dxc3 32. bxc3 Rxc3 33. Bxb7
a5 34. a4 Rb8 35. Ba6 Rbb3 36. Be2 Rb2 37. Rd1 Rcc2 38. Re1 Kf8 39. Kf1 Ke7 40.
Kf2 Kd6 41. Ke3 Rxe2+ 42. Rxe2 Rxe2+ 43. Kxe2 Kc5 44. Kd3 Kb4 45. Kc2 Kxa4 46.
Kb2 Kb4 47. Ka2 Kc4 48. Ka3 Kd4 49. Ka4 Ke3 50. Kxa5 Kxf3 0-1

[Event "SR 3. liga A2 2007/2008"]
[Site "?"]
[Date "2007.11.25"]
[Round "4"]
[White "Matejovic, Ludovit"]
[Black "Kosar, Mikulas ml"]
[Result "1/2-1/2"]
[WhiteElo "1581"]
[BlackElo "1935"]
[PlyCount "77"]
[EventDate "2007.??.??"]

1. e4 d5 2. exd5 Nf6 3. d4 Nxd5 4. Nf3 Bg4 5. Be2 e6 6. O-O Be7 7. c4 Nb6 8. b3
O-O 9. Be3 N8d7 10. Nc3 Nf6 11. Ne5 Bxe2 12. Qxe2 Bb4 13. Rac1 a5 14. Ng4 Nfd7
15. Nb1 Be7 16. Rfd1 Bg5 17. Nc3 Bxe3 18. Nxe3 Nf6 19. d5 exd5 20. Ncxd5 Nbxd5
21. Nxd5 Nxd5 22. Rxd5 Qf6 23. Rcd1 a4 24. Qe5 Qb6 25. Rb5 Qc6 26. Qd5 Qf6 27.
Qxb7 axb3 28. Rxb3 Rxa2 29. Rf1 Rd8 30. Rbb1 Qf4 31. Rbd1 Rda8 32. Qc6 g6 33.
g3 Qe5 34. Rde1 Qa5 35. Re7 Qf5 36. Rxc7 R8a6 37. Qc5 Qxc5 $11 38. Rxc5 Rc2 39.
Rc8+ 1/2-1/2

[Event "SR 3. liga A2 2007/2008"]
[Site "?"]
[Date "2007.11.25"]
[Round "4"]
[White "Sebesta, Radovan"]
[Black "Sekera, Branislav"]
[Result "0-1"]
[WhiteElo "2118"]
[BlackElo "2129"]
[PlyCount "98"]
[EventDate "2007.??.??"]

1. d4 d5 2. c4 e6 3. Nc3 Nf6 4. cxd5 exd5 5. Bg5 Nbd7 6. e3 Be7 7. Qc2 c6 8.
Bd3 O-O 9. Nge2 Re8 10. O-O Nf8 11. Rad1 Bg4 12. f3 Bh5 13. Nf4 Bg6 14. Nxg6
Nxg6 15. Kh1 Nh5 16. Bxe7 Qxe7 17. Bxg6 hxg6 18. e4 Rad8 19. Qf2 Nf6 20. e5 Nd7
21. f4 Nf8 22. f5 gxf5 23. Qxf5 Ne6 24. Rf3 Rd7 25. Qh5 Qg5 26. Qxg5 Nxg5 27.
Rf5 Ne6 28. Kg1 Red8 29. Rff1 b6 30. Ne2 c5 31. h4 Rc7 32. Rf2 Rb7 33. g3 $11
a5 34. b3 a4 35. dxc5 bxc5 36. bxa4 d4 37. Nf4 c4 38. Nxe6 fxe6 39. Rc2 Rc7 40.
a5 Rd5 41. a6 c3 42. Kf2 Ra7 43. Kf3 Rxa6 44. Ke4 Ra4 45. Rd3 Rb4 46. a3 Rb1
47. Ra2 Re1+ 48. Kf4 Rc1 49. Kg4 c2 0-1

[Event "SR 3. liga A2 2007/2008"]
[Site "?"]
[Date "2007.11.25"]
[Round "4"]
[White "Lopatievov, Alexander"]
[Black "Palka, Miroslav"]
[Result "1-0"]
[WhiteElo "1905"]
[BlackElo "2045"]
[PlyCount "81"]
[EventDate "2007.??.??"]

1. b4 c6 2. c4 Qb6 3. a3 d6 4. Nc3 a5 5. Qa4 Nf6 6. e3 e5 7. Rb1 Be7 8. Nd5
Nxd5 9. cxd5 Bf5 10. d3 O-O 11. e4 Bd7 12. Be3 c5 13. b5 f5 14. f3 f4 15. Bf2
Qd8 16. Qc4 b6 17. a4 Bh4 18. Qc2 Qg5 19. Bxh4 Qxh4+ 20. Qf2 Qxf2+ 21. Kxf2 Ra7
22. Ne2 Bc8 23. Nc1 Nd7 24. Nb3 Nf6 25. Nd2 Ne8 26. Nc4 Rb7 27. Be2 Kf7 28. g3
Ke7 29. Rbg1 Kd7 30. gxf4 Rxf4 31. Rg4 Rf7 32. Rhg1 Kc7 33. Rh4 g6 34. Ke3 Bd7
35. f4 exf4+ 36. Rxf4 Rxf4 37. Kxf4 Ng7 38. Kg5 Rb8 39. Rf1 Rg8 40. Rf7 h5 41.
Bf1 1-0

[Event "SR 3. liga A2 2007/2008"]
[Site "?"]
[Date "2007.11.25"]
[Round "4"]
[White "Skapikova, Lubica"]
[Black "Mackovic, Miroslav"]
[Result "1-0"]
[WhiteElo "1988"]
[BlackElo "2033"]
[PlyCount "93"]
[EventDate "2007.??.??"]

1. e4 e6 2. d4 d5 3. Nd2 c5 4. Ngf3 Nc6 5. c3 cxd4 6. cxd4 Bb4 7. e5 f6 8. a3
Be7 9. Bb5 Bd7 10. Qe2 fxe5 11. Bxc6 bxc6 12. Nxe5 Nf6 13. O-O c5 14. Ndf3 Ne4
15. Nxd7 Qxd7 16. Ne5 Qd6 17. Qb5+ Kf8 18. Bf4 Qd8 19. Nd7+ Kf7 20. Nxc5 Nxc5
21. dxc5 Bf6 22. Rfe1 Re8 23. Bd6 Kg8 24. Rad1 a6 25. Qb7 Qc8 26. c6 a5 27. b4
axb4 28. axb4 d4 29. Qxc8 Raxc8 30. b5 e5 31. c7 Re6 32. b6 Rxd6 33. b7 Rdd8
34. cxd8=Q+ Rxd8 35. f4 exf4 36. Re6 Rb8 37. Rb6 Kf7 38. Rc1 Be5 39. Rc8 Ke7
40. Rxb8 Bxb8 41. Rc6 d3 42. Kf1 f3 43. gxf3 Bxh2 44. Rc8 Kf6 45. b8=Q Bxb8 46.
Rxb8 h5 47. Rd8 1-0

[Event "SR 3. liga A2 2007/2008"]
[Site "?"]
[Date "2007.11.25"]
[Round "4"]
[White "Kozinka, Roman"]
[Black "Zisek, Jaroslav"]
[Result "1-0"]
[WhiteElo "1992"]
[BlackElo "1922"]
[PlyCount "57"]
[EventDate "2007.??.??"]

1. e4 c5 2. Nf3 d6 3. d4 cxd4 4. Nxd4 Nf6 5. Nc3 a6 6. Be2 e6 7. O-O Qc7 8. f4
b5 9. Bf3 Bb7 10. e5 Nfd7 11. f5 dxe5 12. fxe6 fxe6 13. Nxe6 Qb6+ 14. Kh1 e4
15. Nxe4 Qxe6 16. Ng5 Qb6 17. Bxb7 Qxb7 18. Qe2+ Be7 19. Nf7 Qd5 20. Nxh8 Nf6
21. a4 b4 22. Re1 Nc6 23. Bd2 Ra7 24. c4 Qg8 25. Bg5 Qxh8 26. Qe6 Rc7 27. Bf4
Nd4 28. Qd6 Rd7 29. Rxe7+ 1-0

[Event "SR 3. liga A2 2007/2008"]
[Site "?"]
[Date "2007.11.25"]
[Round "4"]
[White "Palka, Martin"]
[Black "Zarecky, Eduard"]
[Result "1/2-1/2"]
[WhiteElo "1912"]
[BlackElo "1906"]
[PlyCount "49"]
[EventDate "2007.??.??"]

1. e4 c5 2. Nf3 Nc6 3. d4 cxd4 4. Nxd4 d6 5. Nc3 g6 6. Be3 Bg7 7. Qd2 Nxd4 8.
Bxd4 Nf6 9. O-O-O O-O 10. f3 Qa5 11. Kb1 Be6 12. g4 Rac8 13. a3 Nd7 14. Bxg7
Kxg7 15. h4 h6 16. h5 g5 17. Nd5 Qxd2 18. Rxd2 Bxd5 19. Rxd5 Rc5 20. Rd2 Rfc8
21. Be2 a5 22. Rhd1 b5 23. c3 Ne5 24. Rd4 Nc4 25. Bxc4 1/2-1/2

[Event "SR 3. liga A2 2007/2008"]
[Site "?"]
[Date "2007.11.25"]
[Round "4"]
[White "Lukac, Tomas"]
[Black "Fidericky, Milan"]
[Result "1/2-1/2"]
[WhiteElo "1819"]
[BlackElo "1883"]
[PlyCount "67"]
[EventDate "2007.??.??"]

1. d4 d5 2. c4 e6 3. Nc3 c6 4. e3 Bb4 5. Bd2 Nf6 6. Nf3 Nbd7 7. Bd3 Qe7 8. a3
dxc4 9. Bxc4 Bd6 10. O-O Nb6 11. Ba2 h6 12. e4 Bc7 13. e5 Nfd5 14. Ne4 O-O 15.
h3 Re8 16. Qc2 f5 17. exf6 Nxf6 18. Bb1 Nbd5 19. Nxf6+ Qxf6 20. Ne5 Bxe5 21.
dxe5 Qxe5 22. Qh7+ Kf8 23. Bg6 Bd7 24. Rad1 Red8 25. Bb4+ Nxb4 26. Rxd7 Rxd7
27. Qh8+ Ke7 28. Qxa8 Nd5 29. Qe8+ Kd6 30. Qb8+ Rc7 31. Qf8+ Re7 32. Qd8+ Rd7
33. Qb8+ Rc7 34. Qf8+ 1/2-1/2

[Event "SR 3. liga A2 2007/2008"]
[Site "?"]
[Date "2007.11.25"]
[Round "4"]
[White "Havlicek, Peter"]
[Black "Gajarsky, Julius"]
[Result "0-1"]
[WhiteElo "1688"]
[BlackElo "1820"]
[PlyCount "58"]
[EventDate "2007.??.??"]

1. e4 c5 2. Nf3 Nc6 3. d4 cxd4 4. Nxd4 Nf6 5. Nc3 e5 6. Nb3 Bb4 7. Bd3 d5 8.
exd5 Nxd5 9. Bd2 Nxc3 10. bxc3 Bd6 11. Qh5 g6 12. Qe2 Qe7 13. Be4 Be6 14. Qb5
Rc8 15. Na5 f5 16. Bxc6+ bxc6 17. Nxc6 Qd7 18. Nxa7 Rb8 19. Qxd7+ Bxd7 20. c4
O-O 21. Nb5 Bxb5 22. cxb5 Rxb5 23. Bc3 Rc8 24. Bd2 Rxc2 25. Ke2 Rbb2 26. Rhd1
Bb4 27. h4 Bxd2 28. Kd3 Rc3+ 29. Ke2 Be3+ 0-1

[Event "SR 3. liga A2 2007/2008"]
[Site "?"]
[Date "2007.11.25"]
[Round "4"]
[White "Kozinka, Jan"]
[Black "Lanik, Miroslav"]
[Result "1-0"]
[WhiteElo "1766"]
[BlackElo "1580"]
[PlyCount "67"]
[EventDate "2007.??.??"]

1. e4 c5 2. Nf3 d6 3. d4 cxd4 4. Nxd4 Nf6 5. Nc3 a6 6. Be2 e6 7. O-O Be7 8. f4
O-O 9. Kh1 Qc7 10. Bf3 Nc6 11. e5 dxe5 12. Nxc6 bxc6 13. fxe5 Nd5 14. Qe1 Re8
15. Bd2 Rb8 16. b3 Bb7 17. Na4 Bf8 18. c4 Ne7 19. Ba5 Qc8 20. Nb6 Qc7 21. Rd1
Rbd8 22. Nd7 Qc8 23. Bxd8 Rxd8 24. Nxf8 Rxf8 25. Qd2 Nf5 26. Be4 c5 27. Bxf5
exf5 28. Qd7 Qa8 29. Rf2 Be4 30. Qc7 Bc6 31. Rfd2 g6 32. Rd8 Bxg2+ 33. Kg1 Qf3
34. Qxc5 1-0

[Event "SR 3. liga A2 2007/2008"]
[Site "?"]
[Date "2007.11.25"]
[Round "4"]
[White "Ambros, Rafael"]
[Black "Hecko, Dusan"]
[Result "1/2-1/2"]
[WhiteElo "2104"]
[BlackElo "2123"]
[PlyCount "29"]
[EventDate "2007.??.??"]

1. e4 c6 2. Nc3 d5 3. Nf3 Bg4 4. h3 Bxf3 5. Qxf3 e6 6. d3 Nd7 7. Bd2 Ngf6 8. g4
g6 9. O-O-O Bg7 10. Bg2 Qb6 11. Qg3 dxe4 12. dxe4 O-O-O 13. Be3 Qa5 14. Bd2 Qb6
15. Be3 1/2-1/2

[Event "SR 3. liga A2 2007/2008"]
[Site "?"]
[Date "2007.11.25"]
[Round "4"]
[White "Diviak, Rastislav"]
[Black "Pribila, Gerhard"]
[Result "1/2-1/2"]
[WhiteElo "2014"]
[BlackElo "2026"]
[PlyCount "72"]
[EventDate "2007.??.??"]

1. e4 c5 2. Nf3 d6 3. d4 cxd4 4. Nxd4 Nf6 5. Nc3 g6 6. Be3 Bg7 7. Be2 O-O 8.
O-O Nc6 9. Qd2 d5 10. exd5 Nxd5 11. Nxc6 bxc6 12. Rad1 Qc7 13. Bd4 e5 14. Bc5
Rd8 15. Ne4 Bf5 16. Nd6 Bf8 17. Nxf5 Bxc5 18. Qg5 f6 19. Nh6+ Kg7 20. Qh4 Ne3
21. fxe3 Bxe3+ 22. Kh1 Bg5 23. Qf2 Rxd1 $11 24. Bxd1 Bxh6 25. Qxf6+ Kg8 26.
Qe6+ Kg7 27. Qf6+ Kg8 28. Qe6+ Kg7 29. Be2 Rf8 30. Rxf8 Kxf8 31. c4 Kg7 32.
Qg8+ Kf6 33. Qe6+ Kg7 34. g3 Bg5 35. Qg8+ Kh6 36. Qf8+ Qg7 1/2-1/2

[Event "SR 3. liga A2 2007/2008"]
[Site "?"]
[Date "2007.11.25"]
[Round "4"]
[White "Pribila, Michal"]
[Black "Hanzluvka, Peter"]
[Result "1-0"]
[WhiteElo "2067"]
[BlackElo "2052"]
[PlyCount "79"]
[EventDate "2007.??.??"]

1. e4 c5 2. Nf3 d6 3. Bb5+ Bd7 4. Bxd7+ Nxd7 5. O-O Ngf6 6. Re1 e6 7. c4 Be7 8.
Nc3 a6 9. d4 cxd4 10. Nxd4 Qc7 11. Be3 O-O 12. Rc1 Nc5 13. f3 Rad8 14. Qe2 Qb8
15. Red1 Rfe8 16. b4 Ncd7 17. f4 Nf8 18. Nb3 b6 19. c5 dxc5 20. bxc5 bxc5 21.
e5 N6d7 22. Qxa6 Qb4 23. Qb5 c4 24. Na5 Rc8 25. Nc6 Qa3 26. Qxc4 Bd8 27. Qb4
Qxb4 28. Nxb4 Ba5 29. a3 Nb6 30. Nb5 Rxc1 31. Rxc1 Rc8 32. Nc6 Rxc6 33. Rxc6
Nbd7 34. Nd6 Bd8 35. a4 f6 36. Nb7 Be7 37. exf6 gxf6 38. a5 Nb8 39. Rc8 Na6 40.
Nc5 1-0

[Event "SR 3. liga A2 2007/2008"]
[Site "?"]
[Date "2007.11.25"]
[Round "4"]
[White "Diviak, Rudolf"]
[Black "Kocak, Branislav"]
[Result "1/2-1/2"]
[WhiteElo "1899"]
[BlackElo "1855"]
[PlyCount "60"]
[EventDate "2007.??.??"]

1. e4 c5 2. Nf3 d6 3. d4 cxd4 4. Nxd4 Nf6 5. Nc3 a6 6. Bc4 e5 7. Nb3 Nbd7 8.
Bg5 Be7 9. Bxf6 Nxf6 10. Qe2 O-O 11. O-O b5 12. Bd5 Nxd5 13. Nxd5 Be6 14. Rad1
Bxd5 15. Rxd5 Qc7 16. c3 Rfc8 17. Nd2 Rab8 18. Rd1 Qa5 19. a3 Qb6 20. Nf1 a5
21. Ne3 g6 22. R5d3 Qc6 23. Nd5 Bd8 24. Qf3 Kg7 25. Qg4 h5 26. Qg3 Qc4 27. Qf3
Qb3 28. Qe2 Rc6 29. Ne3 Qe6 30. Rd5 Rb7 1/2-1/2

[Event "SR 3. liga A2 2007/2008"]
[Site "?"]
[Date "2007.11.25"]
[Round "4"]
[White "Vach, Jozef"]
[Black "Karlik, L."]
[Result "0-1"]
[WhiteElo "1944"]
[BlackElo "1839"]
[PlyCount "136"]
[EventDate "2007.??.??"]

1. d4 d5 2. Nf3 Nf6 3. g3 e6 4. Bg2 Bd6 5. O-O O-O 6. b3 Nbd7 7. c4 c6 8. Bb2
Ne4 9. Nc3 f5 10. e3 Ndf6 11. Ne5 Bd7 12. f3 Nxc3 13. Bxc3 Be8 14. Nd3 Bh5 15.
Bb4 Bxb4 16. Nxb4 Qd6 17. Nd3 Rae8 18. c5 Qe7 19. Qe1 Bg6 20. a4 Nd7 21. b4 e5
22. f4 e4 23. Nc1 h5 24. Rf2 h4 25. Rb2 Bh5 26. gxh4 Rf6 27. Ne2 Bxe2 28. Rxe2
Rh6 29. Bf1 Kf7 30. Qg3 Rxh4 31. Rg2 Qf6 32. Raa2 Reh8 33. Qg5 Rh3 34. Qxf6+
Nxf6 35. Rg3 Rxg3+ 36. hxg3 Ng4 37. Ra3 Rh2 38. Bg2 Rh6 $11 39. Rb3 Ke7 40. b5
Kd7 41. Bf1 Rh2 42. bxc6+ Kxc6 43. Bb5+ Kc7 44. Be8 Re2 45. c6 b6 46. Rb5 Nxe3
47. a5 Rg2+ 48. Kh1 Rd2 49. axb6+ axb6 50. Rb4 Nc4 51. Ra4 Na5 52. Bh5 e3 53.
Ra1 e2 54. Re1 Rd1 55. Rxd1 exd1=Q+ 56. Bxd1 Nxc6 57. Kg2 Kd6 58. Kf2 Nxd4 59.
Ke3 Kc5 60. Kd3 b5 61. g4 fxg4 62. Bxg4 b4 63. Bh5 Ne6 64. Ke3 b3 65. Bg6 Kc4
66. Bf7 b2 67. Bg6 d4+ 68. Kf3 d3 0-1

[Event "SR 3. liga A2 2007/2008"]
[Site "?"]
[Date "2007.11.25"]
[Round "4"]
[White "Cajka, Tibor"]
[Black "Brunovsky, Peter"]
[Result "0-1"]
[WhiteElo "1830"]
[BlackElo "1687"]
[PlyCount "122"]
[EventDate "2007.??.??"]

1. e4 c6 2. d4 d5 3. Nc3 dxe4 4. Nxe4 Nf6 5. Ng3 g6 6. Nf3 Bg7 7. h3 Nbd7 8.
Bc4 e6 9. O-O O-O 10. Re1 Re8 11. Bb3 Qc7 12. c3 b6 13. Ne2 Ba6 14. Nf4 Nd5 15.
Nxd5 cxd5 16. Bg5 Nf6 17. Bc2 Rac8 18. Bh4 Bb7 19. Bg3 Qd8 20. Ne5 Ne4 21. Bh2
a6 22. Bd3 Nd6 23. Qe2 a5 24. Rac1 Nf5 25. g4 Ne7 26. f4 Nc6 27. Rf1 f5 28.
gxf5 Nxe5 29. fxe5 gxf5 30. Kh1 Kh8 31. Qh5 Rg8 32. Rg1 Qe8 33. Qf3 Bh6 34.
Rxg8+ Qxg8 35. Rf1 Qf7 36. Be2 Rg8 37. Qf2 Bc6 38. b4 a4 39. b5 Bd7 40. Rb1 Rc8
41. Qe1 Bf8 42. Bf4 Be7 43. Bd1 a3 44. Rb3 Qf8 45. Qe3 Ra8 46. Bh6 Qe8 47. Be2
Ra5 48. Qd3 Qg6 49. Qe3 Qe8 50. c4 dxc4 51. Bxc4 Ra4 52. Be2 Ra5 53. Qd3 Qg6
54. Bd2 Ra8 55. Bf1 Rg8 56. Qe3 Bc8 57. Qf2 Bb7+ 58. Kh2 Bh4 59. Qe3 f4 60.
Rxa3 fxe3 61. Bxe3 Qe4 0-1

[Event "SR 3. liga A2 2007/2008"]
[Site "?"]
[Date "2007.11.25"]
[Round "4"]
[White "Zajicek, Ferdinand"]
[Black "Danada, Ondrej"]
[Result "1-0"]
[WhiteElo "1798"]
[BlackElo "1752"]
[PlyCount "75"]
[EventDate "2007.??.??"]

1. e4 c6 2. d4 d5 3. e5 c5 4. c3 cxd4 5. cxd4 Bf5 6. Nf3 e6 7. Nc3 Nc6 8. a3
Nge7 9. Be2 Rc8 10. O-O Na5 11. Nb5 Nec6 12. b4 Nc4 13. Be3 Nxe3 14. fxe3 a6
15. Nc3 Nxb4 16. axb4 Rxc3 17. b5 a5 18. b6 Bb4 19. Rxa5 Bxa5 20. Qa4+ Rc6 21.
Bb5 Qxb6 22. Ra1 Kd7 23. Qxa5 Qxa5 24. Rxa5 Rb8 25. Bxc6+ Kxc6 26. Rc5+ Kd7 27.
Rb5 Bd3 28. Rb2 b5 29. Nd2 Rc8 30. Nb3 Rc2 31. Nc5+ Kc6 32. Nxd3 Rc4 33. Kf2
Kb6 34. Ke2 Ra4 35. Nc5 Ra3 36. e4 dxe4 37. Nxe4 Ka5 38. Nd6 1-0